000 03395cam a2200313 4500500
005 20260405003118.0
041 _afre
042 _adc
100 1 0 _aSoler, Léna
_eauthor
245 0 0 _aCan Hasok Chang’s activist realism realistically allow a permanent incompatible pluralism?
260 _c2026.
500 _a49
520 _aIs Chang’s ideal of a resolutely pluralist science realistically achievable? Could human beings realistically characterized happily live with, or even tolerate, a science encompassing an abundance of incommensurable systems of practice, including some descriptive or ontological mutual contradictions and some partially incompatible conceptions of science? Could they remain effective as knowledge-producers under such conditions? In short, can Chang’s activist realism realistically allow a permanent, incompatible pluralism? These are the questions explored in this article. Globally, I will provide an affirmative answer to them. I will argue, however, that achieving such a state would require a profound transformation of both epistemic agents as we know them and of science as we know it. This transformation could be brought about by science education, but would then require an equally profound transformation of science education as we know it.
520 _a‪L’idéal résolument pluraliste de Chang est-il « réalistiquement » approchable, c’est-à-dire suffisamment « réaliste » au sens banal du terme, pas excessivement éloigné de ce qui est concrètement atteignable par les humains sujets de la science ? Les êtres humains réalistiquement caractérisés pourraient-ils être satisfaits par, ou au moins tolérer, une science constituée d’une multitude de systèmes incommensurables de pratiques associées à des théories du même objet mutuellement contradictoires sur le plan descriptif ou ontologique, et sous-tendues par des conceptions partiellement incompatibles de la science ? Pourraient-ils, dans de telles conditions, rester efficaces en tant que producteurs de connaissances ? En bref, le réalisme activiste de Chang peut-il réalistiquement instaurer le pluralisme incompatible permanent qu’il appelle de ses vœux ? Telles sont les questions explorées dans cet article. Ma réponse sera globalement positive, mais je soutiendrai que l’instauration d’un tel pluralisme incompatible permanent exigerait une profonde transformation des agents épistémiques tels qu’on peut les caractériser aujourd’hui, et corrélativement de la science telle qu’on peut la caractériser aujourd’hui. Cette double transformation pourrait être induite par l’éducation scientifique, mais au prix d’une transformation non moins profonde de l’éducation scientifique telle qu’on peut la caractériser aujourd’hui.‪
690 _aBohm
690 _aéducation scientifique
690 _aéquivalence empirique
690 _aHasok Chang
690 _amécanique quantique
690 _apluralisme
690 _aBohm
690 _aempirical equivalence
690 _aHasok Chang
690 _apluralism
690 _aquantum mechanics
690 _ascience education
786 0 _nÉducation & didactique | - | 1 | 2026-03-27 | p. 91-104 | 1956-3485
856 4 1 _uhttps://shs.cairn.info/revue-education-didactique-2026-1-page-91?lang=en&redirect-ssocas=7080
999 _c2064478
_d2064478